A carregar...
Visabhanu: The Universial light
| Autor principal: | |
|---|---|
| Formato: | Printed Book |
| Idioma: | English |
| Publicado em: |
Author
Author
79
|
| LEADER | 00458nam a2200121Ia 4500 | ||
|---|---|---|---|
| 008 | 111205s9999 xx 000 0 eng d | ||
| 100 | |a Narayana Pillai.P.K. | ||
| 245 | |a Visabhanu: The Universial light |c Narayana Pillai.P.K. | ||
| 260 | |b Author |a Author |c 79 | ||
| 300 | |a 191 | ||
| 942 | |c BK | ||
| 999 | |c 203371 |d 203371 | ||
| 952 | |0 0 |1 0 |2 ddc |4 0 |6 E_891_210000000000000_NAR_V |7 0 |9 225024 |a MAL |b MAL |c ST1 |d 2011-12-05 |g 75.00 |l 0 |o E 891.21 NAR/V |p MAL16514 |r 2011-12-05 |v 75.00 |w 2011-12-05 |y BK | ||